[Event "Wch Juvenil 2013 sub-14"]
[Site "Al-Ain UAE"]
[Date "2013.12.22"]
[Round "5.60"]
[White "Ali, Abdulaziz"]
[Black "Tello Chavez, Isaac Valent"]
[Result "0-1"]
[WhiteElo "1739"]
[BlackElo "1823"]
[PlyCount "102"]
[EventDate "2013.12.19"]
[EventType "swiss"]
[EventRounds "11"]
[EventCountry "UAE"]
[Source "lmi"]
[SourceDate "2013.12.19"]

1. e4 d5 2. exd5 Qxd5 3. Nc3 Qa5 4. d4 Nf6 5. Bd2 c6 6. Nf3 Bg4 7. Bc4 e6 8.
Qe2 Qc7 9. O-O Bd6 10. h3 Bh5 11. Rfe1 O-O 12. Bg5 Nbd7 13. Ne4 Nxe4 14. Qxe4
Bg6 15. Qe2 Nf6 16. Nh4 Bf4 17. Nxg6 hxg6 18. Bxf6 gxf6 19. Qg4 f5 20. Qf3 Bg5
21. g4 fxg4 22. Qxg4 Qf4 23. Qxf4 Bxf4 24. Kg2 Rad8 25. c3 Kg7 26. Re4 Bg5 27.
Rh1 Rh8 28. Bb3 Rh6 29. Rg4 Bh4 30. Re4 Rdh8 31. Re3 Rh5 32. Re4 a5 33. f4 Bd8
34. Bd1 Rh4 35. Re3 Bc7 36. Rf1 Bxf4 37. Ref3 g5 38. Bb3 Kf8 39. Bc2 Ke7 40. c4
Kd6 41. Ra3 f5 42. d5 cxd5 43. cxd5 Kxd5 44. Rxa5+ Kc6 45. Ba4+ Kc7 46. Rc5+
Kd6 47. Rc3 g4 48. Rd1+ Ke7 49. hxg4 Rxg4+ 50. Kf2 Rh2+ 51. Kf3 Be5 0-1

[Event "Wch Juvenil 2013 sub-14"]
[Site "Al-Ain UAE"]
[Date "2013.12.22"]
[Round "5.74"]
[White "Ip, Seng Tou"]
[Black "Gvenetadze, Davit"]
[Result "0-1"]
[WhiteElo "1372"]
[BlackElo "1801"]
[PlyCount "62"]
[EventDate "2013.12.19"]
[EventType "swiss"]
[EventRounds "11"]
[EventCountry "UAE"]
[Source "lmi"]
[SourceDate "2013.12.19"]

1. e4 c5 2. f4 Nc6 3. Nf3 e6 4. Bb5 Nd4 5. Nxd4 cxd4 6. O-O a6 7. Bc4 b5 8. Bb3
Bb7 9. d3 d5 10. exd5 Bxd5 11. Bxd5 Qxd5 12. Qf3 Qxf3 13. Rxf3 Bc5 14. Nd2 Nf6
15. Nb3 Bb6 16. Bd2 O-O 17. Ba5 Ba7 18. a4 Nd5 19. axb5 axb5 20. Bd2 Rfc8 21.
Kf1 b4 22. Ke2 Rxc2 23. Nxd4 Rxb2 24. Nc6 Nc3+ 25. Kf1 Rxd2 26. Rxa7 Rxa7 27.
Nxa7 b3 28. Nb5 Nxb5 29. d4 b2 30. Rb3 Rd1+ 31. Ke2 b1=Q 0-1

[Event "Wch Juvenil 2013 sub-14"]
[Site "Al-Ain UAE"]
[Date "2013.12.22"]
[Round "5.76"]
[White "Noori, Sabah Nori"]
[Black "Mukhopadhyay, Srinjay"]
[Result "1/2-1/2"]
[WhiteElo "1742"]
[BlackElo "1336"]
[PlyCount "49"]
[EventDate "2013.12.19"]
[EventType "swiss"]
[EventRounds "11"]
[EventCountry "UAE"]
[Source "lmi"]
[SourceDate "2013.12.19"]

1. d4 d5 2. Nf3 Nf6 3. Bf4 Bf5 4. e3 e6 5. Bd3 Bxd3 6. Qxd3 a6 7. Nbd2 c5 8. c3
c4 9. Qc2 Nc6 10. O-O Bd6 11. Bg3 Bxg3 12. hxg3 Qc7 13. e4 dxe4 14. Nxe4 Nxe4
15. Qxe4 Ne7 16. Rad1 O-O 17. Kh2 Qc6 18. Qc2 g6 19. Rh1 Qd5 20. Kg1 Kg7 21.
Qd2 h5 22. g4 Rh8 23. g5 b5 24. Qf4 Qf5 25. Qxf5 1/2-1/2

[Event "Wch Juvenil 2013 sub-14"]
[Site "Al-Ain UAE"]
[Date "2013.12.23"]
[Round "6.1"]
[White "Song, Edward"]
[Black "Li, Di"]
[Result "0-1"]
[WhiteElo "2208"]
[BlackElo "2091"]
[PlyCount "108"]
[EventDate "2013.12.19"]
[EventType "swiss"]
[EventRounds "11"]
[EventCountry "UAE"]
[Source "lmi"]
[SourceDate "2013.12.19"]

1. e4 c5 2. Nf3 e6 3. d4 cxd4 4. Nxd4 Nc6 5. Nc3 Qc7 6. Be3 a6 7. Be2 b5 8.
Nxc6 Qxc6 9. Bf3 Qc7 10. O-O Bb7 11. a3 Bd6 12. g3 Be5 13. Bd4 h5 14. h4 Ne7
15. Bxe5 Qxe5 16. Qd2 f6 17. Rad1 O-O-O 18. a4 b4 19. Na2 a5 20. c3 g5 21. hxg5
h4 22. Qf4 Ng6 23. Qxf6 hxg3 24. Qxe5 Nxe5 25. Bg2 gxf2+ 26. Rxf2 bxc3 27. Rc2
Rdg8 28. Rxc3+ Kb8 29. Rg3 Rh5 30. g6 Rh6 31. g7 Rh7 32. Nc3 Rhxg7 33. Rxg7
Rxg7 34. Kf2 Bc6 35. Bf1 Kc7 36. Be2 Kb6 37. Ke3 Kc5 38. Rc1 Nc4+ 39. Bxc4 Kxc4
40. Ne2+ Kb4 41. Nd4 Bxa4 42. Rc7 Rg3+ 43. Kf4 Rd3 44. Rb7+ Kc5 45. Nf3 Bc6 46.
Rb8 Bb5 47. Rc8+ Kb4 48. Rc2 a4 49. Rd2 Kb3 50. Rf2 Ka2 51. Ke5 Bc4 52. Rc2 Bb3
53. Rf2 Rxf3 54. Rxf3 Kxb2 0-1

[Event "Wch Juvenil 2013 sub-14"]
[Site "Al-Ain UAE"]
[Date "2013.12.23"]
[Round "6.1"]
[White "Wang, Yiou"]
[Black "Modi, Sachin"]
[Result "1-0"]
[WhiteElo "1889"]
[BlackElo "1658"]
[PlyCount "77"]
[EventDate "2013.12.19"]
[EventType "swiss"]
[EventRounds "11"]
[EventCountry "UAE"]
[Source "lmi"]
[SourceDate "2013.12.19"]

1. e4 c5 2. Nf3 Nc6 3. d4 cxd4 4. Nxd4 g6 5. Nc3 Bg7 6. Be3 Nf6 7. Be2 O-O 8.
Nb3 d6 9. O-O Be6 10. f4 a6 11. Bf3 Qc7 12. Nd5 Bxd5 13. exd5 Na5 14. Nxa5 Qxa5
15. c3 Rac8 16. Re1 b5 17. Kh1 Qc7 18. a4 Qc4 19. Bd4 Rfe8 20. b3 Qc7 21. axb5
axb5 22. Ra7 Qd8 23. Rb7 Rb8 24. Bb6 Qc8 25. Rc7 Qa6 26. Bd4 Rb7 27. Rc6 Qa5
28. b4 Qa8 29. Qd3 Reb8 30. Qf1 Qa2 31. Ra1 Qd2 32. g3 Ne8 33. Ba7 Rd8 34. Ra3
Rdd7 35. Bg1 Rd8 36. Qb1 Bxc3 37. Rcxc3 Rc7 38. Rxc7 Nxc7 39. Be3 1-0

[Event "Wch Juvenil 2013 sub-14"]
[Site "Al-Ain UAE"]
[Date "2013.12.23"]
[Round "6.2"]
[White "Bashirli, Nail Qoshqar"]
[Black "Liu, Yan"]
[Result "0-1"]
[WhiteElo "1887"]
[BlackElo "2256"]
[PlyCount "64"]
[EventDate "2013.12.19"]
[EventType "swiss"]
[EventRounds "11"]
[EventCountry "UAE"]
[Source "lmi"]
[SourceDate "2013.12.19"]

1. e4 c5 2. Nf3 e6 3. d4 cxd4 4. Nxd4 Nc6 5. Nb5 d6 6. Bf4 e5 7. Be3 Nf6 8.
N5c3 Be6 9. Be2 Be7 10. Nd2 d5 11. exd5 Nxd5 12. Nxd5 Bxd5 13. Bf3 f5 14. Bxd5
Qxd5 15. Qf3 Qf7 16. Nb3 O-O 17. O-O Rac8 18. Rad1 e4 19. Qe2 Kh8 20. f4 Nb4
21. c3 Nd3 22. Nc1 Nxc1 23. Rxc1 Qxa2 24. Ra1 Qb3 25. Rxa7 Rcd8 26. Bd4 Bf6 27.
Bxf6 Rxf6 28. Kh1 Rfd6 29. g4 Qb6 30. Ra4 Rd2 31. Rb4 Qh6 32. g5 Qh3 0-1

[Event "Wch Juvenil 2013 sub-14"]
[Site "Al-Ain UAE"]
[Date "2013.12.23"]
[Round "6.2"]
[White "Isakzhanov, Aibek"]
[Black "Agulhas, Keegan"]
[Result "1-0"]
[WhiteElo "1807"]
[BlackElo "1616"]
[PlyCount "101"]
[EventDate "2013.12.19"]
[EventType "swiss"]
[EventRounds "11"]
[EventCountry "UAE"]
[Source "lmi"]
[SourceDate "2013.12.19"]

1. e4 e5 2. Nf3 Nc6 3. Bb5 a6 4. Ba4 Nf6 5. O-O b5 6. Bb3 Be7 7. Re1 O-O 8. c3
d6 9. h3 Na5 10. Bc2 c5 11. d4 Nc6 12. dxc5 dxc5 13. Qe2 Re8 14. Nbd2 Bf8 15.
Nf1 g6 16. Be3 Qb6 17. Red1 Bb7 18. Bg5 Na5 19. Ne3 Bg7 20. b4 cxb4 21. cxb4
Nc4 22. Nxc4 bxc4 23. Bxf6 Qxf6 24. Qxc4 Rac8 25. Qe2 Qc6 26. Bb3 Qb6 27. Rd7
Rf8 28. Ng5 Rc7 29. Rad1 Bc8 30. Rxc7 Qxc7 31. Qc4 Qxc4 32. Bxc4 Bf6 33. Nf3
Bb7 34. Rd6 Bg7 35. Ng5 Bc8 36. Nxf7 Bh8 37. Nxe5+ Kg7 38. Bxa6 Bxa6 39. Rxa6
Re8 40. f4 Kg8 41. b5 Bxe5 42. fxe5 Rxe5 43. b6 Rb5 44. a4 Rb1+ 45. Kh2 Kf7 46.
a5 Ke6 47. b7+ Kd7 48. Ra7 Kc7 49. a6 Kb8 50. Ra8+ Kc7 51. Rc8+ 1-0

[Event "Wch Juvenil 2013 sub-14"]
[Site "Al-Ain UAE"]
[Date "2013.12.23"]
[Round "6.3"]
[White "Gvenetadze, Davit"]
[Black "Katsande, Nyasha"]
[Result "1-0"]
[WhiteElo "1801"]
[BlackElo "1593"]
[PlyCount "59"]
[EventDate "2013.12.19"]
[EventType "swiss"]
[EventRounds "11"]
[EventCountry "UAE"]
[Source "lmi"]
[SourceDate "2013.12.19"]

1. e4 c6 2. d4 d5 3. f3 e6 4. Nc3 Nf6 5. Nge2 b6 6. Bf4 Bb7 7. Qd3 Ba6 8. Qe3
Nbd7 9. O-O-O Be7 10. h4 h5 11. e5 Ng8 12. g3 Qc7 13. Bh3 O-O-O 14. Bg5 Nb8 15.
g4 hxg4 16. fxg4 Bb7 17. Rdf1 Rf8 18. Bxe7 Qxe7 19. g5 Nd7 20. Bg4 b5 21. Nf4
Qe8 22. g6 fxg6 23. Nxe6 Rxf1+ 24. Rxf1 Rxh4 25. Nxb5 cxb5 26. Qc3+ Kb8 27.
Qc7+ Ka8 28. Nd8 Nc5 29. dxc5 Qe7 30. Bd7 1-0

[Event "Wch Juvenil 2013 sub-14"]
[Site "Al-Ain UAE"]
[Date "2013.12.23"]
[Round "6.3"]
[White "Petrov, Vladimir Sergeev"]
[Black "Atabayev, Saparmyrat"]
[Result "0-1"]
[WhiteElo "2076"]
[BlackElo "2203"]
[PlyCount "100"]
[EventDate "2013.12.19"]
[EventType "swiss"]
[EventRounds "11"]
[EventCountry "UAE"]
[Source "lmi"]
[SourceDate "2013.12.19"]

1. e4 c5 2. Nf3 d6 3. d4 cxd4 4. Nxd4 Nf6 5. Nc3 a6 6. Be3 e5 7. Nb3 Be6 8. f3
Be7 9. Qd2 O-O 10. O-O-O Nbd7 11. g4 b5 12. g5 Nh5 13. Kb1 Qc7 14. Nd5 Bxd5 15.
exd5 f5 16. gxf6 Bxf6 17. Na5 Nb6 18. c4 Nxc4 19. Bxc4 bxc4 20. Rc1 c3 21. Qxc3
Qxc3 22. bxc3 Bd8 23. Nc4 Rxf3 24. Rcf1 Rxf1+ 25. Rxf1 Be7 26. Na5 Rf8 27.
Rxf8+ Kxf8 28. Nc6 Nf4 29. c4 g5 30. Nb4 a5 31. Nc6 a4 32. Kb2 Ng2 33. Bd2 g4
34. Bh6+ Kf7 35. Kc3 Ne1 36. c5 Nf3 37. Nxe7 Kxe7 38. c6 Nxh2 39. Bf8+ Kd8 40.
Bxd6 Nf3 41. Bc5 Kc7 42. Kd3 h5 43. Ke4 h4 44. Bb4 h3 45. Ba5+ Kb8 46. d6 Nd4
47. Kd5 h2 48. d7 h1=Q+ 49. Kxe5 Nxc6+ 50. Kd6 Kb7 0-1

[Event "Wch Juvenil 2013 sub-14"]
[Site "Al-Ain UAE"]
[Date "2013.12.23"]
[Round "6.4"]
[White "Bennett, Rhys"]
[Black "Hoon, Gideon Jakobus"]
[Result "1-0"]
[WhiteElo "1784"]
[BlackElo "1569"]
[PlyCount "53"]
[EventDate "2013.12.19"]
[EventType "swiss"]
[EventRounds "11"]
[EventCountry "UAE"]
[Source "lmi"]
[SourceDate "2013.12.19"]

1. e4 c5 2. Nf3 g6 3. d4 cxd4 4. Nxd4 Nc6 5. c4 Bg7 6. Be3 Nf6 7. Nc3 d6 8. Be2
Nxd4 9. Bxd4 O-O 10. O-O a5 11. b3 Bd7 12. f3 Qc7 13. Rb1 Rfc8 14. Kh1 h6 15.
Bxf6 exf6 16. Nd5 Qd8 17. Qd4 Ra6 18. Qe3 Be6 19. Rfd1 Rc5 20. Nc3 f5 21. Qxc5
dxc5 22. Rxd8+ Kh7 23. Nd5 Bxd5 24. Rxd5 fxe4 25. fxe4 Re6 26. Bf3 Bd4 27. Rd7
1-0

[Event "Wch Juvenil 2013 sub-14"]
[Site "Al-Ain UAE"]
[Date "2013.12.23"]
[Round "6.4"]
[White "Gledura, Benjamin"]
[Black "Liu, Xiangyi"]
[Result "1-0"]
[WhiteElo "2399"]
[BlackElo "2136"]
[PlyCount "155"]
[EventDate "2013.12.19"]
[EventType "swiss"]
[EventRounds "11"]
[EventCountry "UAE"]
[Source "lmi"]
[SourceDate "2013.12.19"]

1. e4 e6 2. d4 d5 3. Nc3 Bb4 4. e5 c5 5. Qg4 Ne7 6. dxc5 d4 7. a3 Qa5 8. Qxd4
Nbc6 9. Qc4 Bxc3+ 10. bxc3 Nxe5 11. Qb4 N7c6 12. Qxa5 Nxa5 13. Bf4 Nec4 14. Nf3
f6 15. Nd2 Nxd2 16. Bxd2 e5 17. Rb1 Kd8 18. Bd3 Kc7 19. O-O Rd8 20. Rfe1 g5 21.
g3 Bh3 22. f3 Be6 23. Be3 h6 24. Kf2 Nc6 25. f4 Rg8 26. fxe5 fxe5 27. Be4 Rad8
28. Red1 Rgf8+ 29. Kg2 Rf7 30. Rxb7+ Kxb7 31. Rxd8 Bf5 32. Bd5 Rd7 33. Rf8 Rxd5
34. Rxf5 Na5 35. Rf7+ Kb8 36. Kf3 Nc4 37. c6 Nxe3 38. Kxe3 Rc5 39. c7+ Kc8 40.
Kd3 Rc6 41. Re7 Ra6 42. Rxe5 Kxc7 43. Re7+ Kd6 44. Rb7 Kc5 45. Rc7+ Kd6 46. Rc8
Ke5 47. Re8+ Kd6 48. Kd4 Kd7 49. Rh8 Rd6+ 50. Ke5 Ra6 51. Rh7+ Ke8 52. Kd4 g4
53. c4 Rxa3 54. Rxh6 Ra2 55. Kc3 Ra3+ 56. Kb4 Re3 57. c5 Re2 58. c3 Kd7 59.
Rh7+ Kc6 60. Rxa7 Rxh2 61. Rg7 Rb2+ 62. Kc4 Ra2 63. Rg6+ Kc7 64. Kb3 Re2 65.
Rxg4 Kc6 66. Kc4 Re6 67. Rd4 Re1 68. Rd6+ Kc7 69. Rg6 Rg1 70. g4 Rg2 71. g5 Rg1
72. c6 Rf1 73. Kd4 Ra1 74. Ke5 Rd1 75. Re6 Rd3 76. g6 Rxc3 77. g7 Rg3 78. Ke4
1-0

[Event "Wch Juvenil 2013 sub-14"]
[Site "Al-Ain UAE"]
[Date "2013.12.23"]
[Round "6.5"]
[White "Dolinar, Matic"]
[Black "Anagnostakis, Charalampos"]
[Result "1-0"]
[WhiteElo "1770"]
[BlackElo "1542"]
[PlyCount "81"]
[EventDate "2013.12.19"]
[EventType "swiss"]
[EventRounds "11"]
[EventCountry "UAE"]
[Source "lmi"]
[SourceDate "2013.12.19"]

1. e4 c5 2. Nc3 Nc6 3. g3 g6 4. Bg2 Bg7 5. d3 d6 6. Be3 Rb8 7. Qd2 b5 8. Nge2
Nd4 9. O-O e6 10. Nd1 Ne7 11. c3 Nxe2+ 12. Qxe2 O-O 13. Qd2 Qa5 14. Bh6 b4 15.
Bxg7 Kxg7 16. Ne3 bxc3 17. bxc3 Ba6 18. f4 f5 19. Rf2 Rb6 20. g4 Rfb8 21. Rc1
Qa3 22. h3 Rb1 23. Rxb1 Rxb1+ 24. Kh2 Qc1 25. c4 Qxd2 26. Rxd2 Bb7 27. exf5
exf5 28. Bxb7 Rxb7 29. Kg3 Kf6 30. Kf3 Rb1 31. Re2 Kf7 32. Kf2 Rh1 33. Kg2 Rb1
34. g5 Rb7 35. h4 Rb4 36. Nc2 Rb6 37. d4 cxd4 38. Nxd4 Rb4 39. Rxe7+ Kxe7 40.
Nc6+ Kd7 41. Nxb4 1-0

[Event "Wch Juvenil 2013 sub-14"]
[Site "Al-Ain UAE"]
[Date "2013.12.23"]
[Round "6.5"]
[White "Thybo, Jesper Sondergaard"]
[Black "Aravindh, Chithambaram Vr"]
[Result "0-1"]
[WhiteElo "2147"]
[BlackElo "2415"]
[PlyCount "104"]
[EventDate "2013.12.19"]
[EventType "swiss"]
[EventRounds "11"]
[EventCountry "UAE"]
[Source "lmi"]
[SourceDate "2013.12.19"]

1. d4 Nf6 2. c4 e6 3. Nf3 d5 4. g3 Bb4+ 5. Bd2 Be7 6. Bg2 O-O 7. O-O c6 8. Qc2
Nbd7 9. Rd1 b6 10. b3 Bb7 11. Nc3 Rc8 12. e4 dxe4 13. Nxe4 c5 14. Nxf6+ Bxf6
15. Ng5 Bxg5 16. Bxb7 Rc7 17. dxc5 Bxd2 18. Qxd2 Qe7 19. c6 Nc5 20. Qd6 Rb8 21.
Qxe7 Rxe7 22. Rd6 Kf8 23. Rad1 Nxb7 24. cxb7 Rexb7 25. Kg2 Ke7 26. Kf3 Rc8 27.
Ke4 Rc5 28. f4 Rbc7 29. R1d2 h6 30. Ke3 g5 31. Rd8 Rf5 32. Rh8 gxf4+ 33. gxf4
e5 34. Rxh6 Rxf4 35. Rd5 Rc5 36. Rxc5 bxc5 37. Ra6 Rh4 38. Rxa7+ Ke6 39. Rc7
Rh3+ 40. Kf2 Rxh2+ 41. Kg3 Rxa2 42. Rxc5 Rb2 43. Rb5 Rc2 44. Kf3 Rc3+ 45. Ke2
e4 46. c5 f5 47. b4 f4 48. Rb8 f3+ 49. Kd2 Rd3+ 50. Ke1 e3 51. Re8+ Kd7 52. Rf8
e2 0-1

[Event "Wch Juvenil 2013 sub-14"]
[Site "Al-Ain UAE"]
[Date "2013.12.23"]
[Round "6.6"]
[White "Kwun, Minhyeok"]
[Black "Naotunna, Dineth Nimnaka"]
[Result "0-1"]
[WhiteElo "1461"]
[BlackElo "1759"]
[PlyCount "108"]
[EventDate "2013.12.19"]
[EventType "swiss"]
[EventRounds "11"]
[EventCountry "UAE"]
[Source "lmi"]
[SourceDate "2013.12.19"]

1. e4 d5 2. exd5 Qxd5 3. Nc3 Qa5 4. Nf3 Bg4 5. Be2 e6 6. O-O Nf6 7. d4 Nbd7 8.
h3 Bh5 9. a3 c6 10. Rb1 Qc7 11. b4 O-O-O 12. Na4 b6 13. b5 c5 14. c3 h6 15. Be3
g5 16. Qb3 g4 17. hxg4 Nxg4 18. c4 Rg8 19. g3 Bd6 20. Kh1 Bxg3 21. fxg3 Qxg3
22. Bg1 Bg6 23. Nh2 Be4+ 24. Bf3 Nxh2 25. Bxh2 Qg6 26. Bxe4 Qxe4+ 27. Qf3 Qxf3+
28. Rxf3 cxd4 29. Rxf7 e5 30. Rc1 d3 31. Nb2 e4 32. Re7 Rge8 33. Rxe8 Rxe8 34.
Rd1 Nc5 35. Kg2 e3 36. Nxd3 e2 37. Rh1 Nxd3 38. Bg3 Rg8 39. Kf3 Rxg3+ 40. Kxe2
Nf4+ 41. Kf2 Rxa3 42. Rxh6 Kd7 43. Rf6 Ne6 44. Ke2 Kd6 45. Kd2 Ke5 46. Rh6 Nc5
47. Rh5+ Kd4 48. Rh4+ Ne4+ 49. Kc2 Rc3+ 50. Kb2 Rxc4 51. Kb3 Rc5 52. Kb4 Rc1
53. Rg4 Rb1+ 54. Ka4 Kc3 0-1

[Event "Wch Juvenil 2013 sub-14"]
[Site "Al-Ain UAE"]
[Date "2013.12.23"]
[Round "6.6"]
[White "Rambaldi, Francesco"]
[Black "Litvinov, Maxim"]
[Result "1-0"]
[WhiteElo "2385"]
[BlackElo "2144"]
[PlyCount "99"]
[EventDate "2013.12.19"]
[EventType "swiss"]
[EventRounds "11"]
[EventCountry "UAE"]
[Source "lmi"]
[SourceDate "2013.12.19"]

1. Nf3 Nf6 2. c4 e6 3. b3 Be7 4. Bb2 d5 5. e3 O-O 6. Be2 b6 7. cxd5 Nxd5 8. O-O
Bb7 9. a3 c5 10. d3 Bf6 11. Ra2 Nc6 12. Qc1 Bxb2 13. Rxb2 Qf6 14. Rc2 Rac8 15.
Nbd2 Rfd8 16. Rd1 Qg6 17. Bf1 h6 18. Nc4 Nf6 19. Qb2 Qh5 20. Be2 Qg6 21. Rdc1
Nd5 22. Nfe5 Nxe5 23. Nxe5 Qg5 24. Bf3 Ba6 25. Be4 Qf6 26. g3 Bb7 27. b4 cxb4
28. axb4 Rxc2 29. Rxc2 Nxe3 30. fxe3 Bxe4 31. Rf2 Bf5 32. e4 Re8 33. exf5 exf5
34. d4 g6 35. Qc1 Qd6 36. Qc4 Re7 37. b5 Rc7 38. Nc6 a6 39. d5 axb5 40. Qxb5
Rd7 41. Rd2 Qc7 42. Qe2 Kh7 43. Qe5 Qb7 44. Qd4 b5 45. Qc5 Qa6 46. d6 Qa1+ 47.
Kg2 Qe1 48. Qd5 f4 49. Ne5 f3+ 50. Nxf3 1-0

[Event "Wch Juvenil 2013 sub-14"]
[Site "Al-Ain UAE"]
[Date "2013.12.23"]
[Round "6.7"]
[White "Asgharzadeh, M.Reza"]
[Black "Zajic, Milan"]
[Result "0-1"]
[WhiteElo "2143"]
[BlackElo "2340"]
[PlyCount "100"]
[EventDate "2013.12.19"]
[EventType "swiss"]
[EventRounds "11"]
[EventCountry "UAE"]
[Source "lmi"]
[SourceDate "2013.12.19"]

1. d4 f5 2. Nf3 d6 3. Bf4 Nf6 4. e3 g6 5. h4 Bg7 6. Bc4 h6 7. c3 e6 8. Nbd2 Qe7
9. Qc2 Nc6 10. O-O-O O-O 11. Nh2 Kh8 12. g4 Nh7 13. gxf5 gxf5 14. Nhf3 e5 15.
dxe5 dxe5 16. Bh2 e4 17. Nd4 Ne5 18. Be2 a6 19. Nc4 c5 20. Nb3 b5 21. Nb6 c4
22. Bxe5 Bxe5 23. Nd4 Bxd4 24. Rxd4 Rb8 25. Nd5 Qf7 26. Nf4 Nf6 27. Rg1 Kh7 28.
Qd1 Ng4 29. Bxg4 fxg4 30. Rxe4 Bf5 31. Rd4 b4 32. Qd2 Rb7 33. cxb4 a5 34. b5 c3
35. bxc3 Rxb5 36. e4 Rfb8 37. Qc2 Qb7 38. Nd3 Rb1+ 39. Kd2 Rxg1 40. exf5 g3 41.
f6 Kh8 42. Rf4 gxf2 43. Rxf2 Rd8 44. f7 Qe7 45. Qb3 a4 46. Qb4 Qe1+ 47. Kc2
Qd1+ 48. Kb2 a3+ 49. Kxa3 Ra8+ 50. Kb2 Qb1# 0-1

[Event "Wch Juvenil 2013 sub-14"]
[Site "Al-Ain UAE"]
[Date "2013.12.23"]
[Round "6.8"]
[White "Tomczak, Mikolaj"]
[Black "Visakh, Nr"]
[Result "0-1"]
[WhiteElo "2133"]
[BlackElo "2303"]
[PlyCount "130"]
[EventDate "2013.12.19"]
[EventType "swiss"]
[EventRounds "11"]
[EventCountry "UAE"]
[Source "lmi"]
[SourceDate "2013.12.19"]

1. e4 c5 2. Nc3 e6 3. Nf3 a6 4. d4 cxd4 5. Nxd4 Qc7 6. g3 Bb4 7. Bd2 Nf6 8. Bg2
Nc6 9. Nb3 Be7 10. O-O d6 11. f4 O-O 12. Be3 b5 13. Qe2 Bb7 14. Bf2 Rfe8 15. a3
Nd7 16. Qe3 Rab8 17. Ne2 Ba8 18. Ned4 Nb6 19. Nxc6 Qxc6 20. c3 Na4 21. Qd2 Qc4
22. Nd4 Nc5 23. Rfe1 Bf8 24. Bf1 Nxe4 25. Rxe4 Qd5 26. Bg2 f5 27. Rae1 e5 28.
fxe5 Rxe5 29. Qf4 fxe4 30. Be3 Qf7 31. Qg4 Qg6 32. Qd1 Rbe8 33. Bh3 Bb7 34. Bf4
e3 35. Bxe5 dxe5 36. Nf3 Bc5 37. Qe2 Qh5 38. Bg2 Rd8 39. Kh1 Rf8 40. b4 Ba7 41.
Rf1 Qf7 42. Nd2 Bxg2+ 43. Kxg2 Qd5+ 44. Nf3 e4 45. Nd4 Bxd4 46. cxd4 Rxf1 47.
Qxf1 Qa2+ 48. Kg1 Qxa3 49. Qf5 Qa1+ 50. Kg2 Qb2+ 51. Kf1 e2+ 52. Ke1 Qxb4+ 53.
Kxe2 Qc4+ 54. Ke1 Qc3+ 55. Ke2 Qf3+ 56. Qxf3 exf3+ 57. Kxf3 Kf7 58. Ke4 Ke6 59.
d5+ Kd6 60. Kd4 a5 61. h3 a4 62. h4 a3 63. Kc3 Kxd5 64. Kb3 b4 65. g4 Ke6 0-1

[Event "Wch Juvenil 2013 sub-14"]
[Site "Al-Ain UAE"]
[Date "2013.12.23"]
[Round "6.8"]
[White "Yasser, Mark"]
[Black "Vaitsiakhouski, Yauheni"]
[Result "1-0"]
[WhiteElo "1750"]
[BlackElo "1540"]
[PlyCount "125"]
[EventDate "2013.12.19"]
[EventType "swiss"]
[EventRounds "11"]
[EventCountry "UAE"]
[Source "lmi"]
[SourceDate "2013.12.19"]

1. d4 d5 2. c4 c6 3. Nf3 Nf6 4. Nc3 e6 5. Bg5 Nbd7 6. cxd5 exd5 7. Qc2 h6 8.
Bh4 Bb4 9. e3 Qa5 10. Bd3 O-O 11. O-O Bxc3 12. bxc3 Re8 13. Nd2 Qc7 14. c4 a6
15. a3 Ng4 16. Bg3 Qd8 17. h3 Ngf6 18. Rfc1 Nf8 19. c5 Nh5 20. Bh2 Ne6 21. Rab1
Qf6 22. Be5 Qg5 23. Nf3 Qd8 24. Bh7+ Kh8 25. Bf5 Kg8 26. Bd6 Nf6 27. a4 Ne4 28.
Bxe4 dxe4 29. Nd2 f5 30. Nc4 a5 31. Nb6 Ra6 32. Qb3 Rxb6 33. Qxb6 Qxb6 34. Rxb6
Rd8 35. Rcb1 Rd7 36. f3 Ng5 37. h4 Nf7 38. fxe4 Nxd6 39. cxd6 fxe4 40. d5 Rd8
41. dxc6 bxc6 42. Rxc6 Bd7 43. Rcb6 Bxa4 44. Ra1 Be8 45. Rxa5 Bg6 46. d7 Kf7
47. Rd5 Bh7 48. g4 Ke7 49. Kg2 Bg8 50. Rd4 Kf8 51. Rc6 Ke7 52. Rxe4+ Kxd7 53.
Rd4+ Kxc6 54. Rxd8 Bd5+ 55. Kg3 Be4 56. Rg8 g6 57. Kf4 Bd3 58. e4 g5+ 59. hxg5
hxg5+ 60. Rxg5 Bc4 61. Rd5 Bxd5 62. exd5+ Kxd5 63. Kf5 1-0

[Event "Wch Juvenil 2013 sub-14"]
[Site "Al-Ain UAE"]
[Date "2013.12.23"]
[Round "6.9"]
[White "Kolver, Chris"]
[Black "Abdullatif, Hassan"]
[Result "1-0"]
[WhiteElo "1737"]
[PlyCount "59"]
[EventDate "2013.12.19"]
[EventType "swiss"]
[EventRounds "11"]
[EventCountry "UAE"]
[Source "lmi"]
[SourceDate "2013.12.19"]
[BlackElo "1399"]

1. d4 Nf6 2. c4 e6 3. Nc3 Bb4 4. Qc2 O-O 5. Nf3 b6 6. e4 d6 7. Bd3 Bb7 8. e5
dxe5 9. dxe5 Bxc3+ 10. bxc3 Bxf3 11. exf6 Bh5 12. Bxh7+ Kh8 13. fxg7+ Kxg7 14.
Be4 Bg6 15. Be3 Qh4 16. Bd4+ Kh7 17. Bxg6+ fxg6 18. O-O-O c5 19. g3 Qh3 20. Be3
e5 21. Qe4 Nd7 22. Rd6 Nf6 23. Rxf6 Rxf6 24. Qxa8 Rf7 25. Qe4 Qe6 26. h4 Kg8
27. Rd1 Re7 28. Rd8+ Kg7 29. Qd5 Qf5 30. Qg8+ 1-0

[Event "Wch Juvenil 2013 sub-14"]
[Site "Al-Ain UAE"]
[Date "2013.12.23"]
[Round "6.9"]
[White "Theodorou, Nikolas"]
[Black "Martirosyan, Haik M"]
[Result "1-0"]
[WhiteElo "2238"]
[BlackElo "2131"]
[PlyCount "47"]
[EventDate "2013.12.19"]
[EventType "swiss"]
[EventRounds "11"]
[EventCountry "UAE"]
[Source "lmi"]
[SourceDate "2013.12.19"]

1. d4 Nf6 2. c4 e6 3. Nc3 Bb4 4. e3 Bxc3+ 5. bxc3 c5 6. Bd3 Nc6 7. Nf3 d6 8. e4
e5 9. d5 Ne7 10. Nh4 h6 11. f4 exf4 12. Bxf4 Ng4 13. Nf5 Bxf5 14. exf5 Ne5 15.
f6 gxf6 16. O-O Qd7 17. Bxe5 fxe5 18. Qh5 O-O-O 19. Rxf7 Kb8 20. Raf1 Rhg8 21.
Bh7 Rg5 22. Qxh6 Qg4 23. Be4 Rdg8 24. Qxd6+ 1-0

[Event "Wch Juvenil 2013 sub-14"]
[Site "Al-Ain UAE"]
[Date "2013.12.23"]
[Round "6.10"]
[White "Boldoo, Erdenepurev"]
[Black "Viswanadha, Kesav"]
[Result "1-0"]
[WhiteElo "2072"]
[BlackElo "2169"]
[PlyCount "51"]
[EventDate "2013.12.19"]
[EventType "swiss"]
[EventRounds "11"]
[EventCountry "UAE"]
[Source "lmi"]
[SourceDate "2013.12.19"]

1. d4 Nf6 2. c4 e6 3. Nc3 Bb4 4. e3 O-O 5. a3 Bxc3+ 6. bxc3 c5 7. Bd3 Nc6 8.
Ne2 b6 9. O-O Ba6 10. e4 Ne8 11. f4 f5 12. dxc5 bxc5 13. Be3 d6 14. Ng3 g6 15.
Bf2 Nf6 16. h3 Qa5 17. exf5 exf5 18. Bxf5 gxf5 19. Qxd6 Rac8 20. Nxf5 Bxc4 21.
Rfe1 Bd5 22. Bh4 Qd8 23. Bxf6 Rxf6 24. Re8+ Qxe8 25. Qxf6 Qg6 26. Nh6+ 1-0

[Event "Wch Juvenil 2013 sub-14"]
[Site "Al-Ain UAE"]
[Date "2013.12.23"]
[Round "6.10"]
[White "Lynch, Justin"]
[Black "Ali, Abdulaziz"]
[Result "1-0"]
[WhiteElo "1725"]
[BlackElo "1739"]
[PlyCount "101"]
[EventDate "2013.12.19"]
[EventType "swiss"]
[EventRounds "11"]
[EventCountry "UAE"]
[Source "lmi"]
[SourceDate "2013.12.19"]

1. d4 d5 2. c4 e6 3. Nf3 Nf6 4. Nc3 c6 5. Bg5 Nbd7 6. e3 Qa5 7. Nd2 dxc4 8. Bh4
b5 9. a4 b4 10. Nxc4 Qd8 11. Ne4 Be7 12. Ncd6+ Kf8 13. Nxc8 Rxc8 14. Bd3 e5 15.
Nxf6 gxf6 16. Qh5 exd4 17. Bf5 Rc7 18. exd4 Nb6 19. O-O Qxd4 20. Rad1 Qxb2 21.
Qh6+ Ke8 22. Bg3 Bf8 23. Qe3+ Re7 24. Qd3 Nd5 25. Qa6 Nb6 26. Bc7 Rxc7 27. Qd3
Nd5 28. Qg3 Qc3 29. Rfe1+ Kd8 30. Re3 Qc5 31. Red3 Qd6 32. Qf3 Be7 33. g3 Ke8
34. Be4 Kf8 35. Qh5 h6 36. Rxd5 cxd5 37. Bxd5 Rh7 38. Be4 Qxd1+ 39. Qxd1 Rg7
40. Qh5 Rc1+ 41. Kg2 b3 42. Qb5 Rg4 43. Qb8+ Kg7 44. Bd5 Bb4 45. Qxa7 Bc3 46.
Qxf7+ Kh8 47. Qf8+ Kh7 48. h3 b2 49. hxg4 Rg1+ 50. Kf3 h5 51. Be4+ 1-0